10 Random Colors By Hex Code - Statistics

General Stats
  • This quiz has been taken 65 times
  • The average score is 5 of 10
Answer Stats
Hex Color % Correct
0000FF Blue
100%
00FFFF Cyan
100%
808080 Gray
100%
00FF00 Green
100%
000080 Navy
100%
FF0000 Red
100%
C0C0C0 Silver
100%
FFFFFF White
100%
000000 Black
75%
008080 Teal
67%
FFFF00 Yellow
67%
A020F0 Purple
50%
FFA500 Orange
40%
808000 Olive
25%
00F5FF Turquoise
25%
7FFFD4 Aquamarine
17%
CD7F32 Bronze
0%
964B00 Brown
0%
FFD700 Gold
0%
FFFFF0 Ivory
0%
E6E6FA Lavender
0%
32CD32 Lime
0%
800000 Maroon
0%
967969 Mocha
0%
CCCCFF Periwinkle
0%
FFC0CB Pink
0%
4F2F4F Violet
0%
No matching quizzes found
Score Distribution
Percent of People with Each Score
Percentile by Number Answered
Your Score History
You have not taken this quiz